[Event "Open Letní Praha 2018 - A"]
[Site "Praha"]
[Date "2018.08.05"]
[Round "4"]
[Board "12"]
[White "Itgelt, Khuyagtsogt"]
[Black "Yagupov, Igor"]
[Result "0-1"]
[WhiteElo "2119"]
[BlackElo "2405"]
[PlyCount "114"]
[EventDate "2018.08.03"]
[EventRounds "9"]
[EventCountry "CZE"]

1. d4 d5 2. c4 e6 3. Nf3 Nf6 4. g3 dxc4 5. Bg2 Nc6 6. Qa4 Bb4+ 7. Bd2 Nd5 8.
Bxb4 Ndxb4 9. Ne5 O-O 10. Nxc6 Nxc6 11. e3 e5 12. d5 Ne7 13. Nc3 Nf5 14. Qxc4
Nd6 15. Qe2 f5 16. O-O Bd7 17. Rac1 Qe7 18. Qc2 Rac8 19. Rfe1 Kh8 20. b3 c5 21.
Qb2 b5 22. Nb1 b4 23. Nd2 Bb5 24. f4 e4 25. Bf1 Rfd8 26. Bc4 a5 27. Re2 a4 28.
Rg2 axb3 29. axb3 Bd7 30. Be2 Nb5 31. Qe5 Qf6 32. Nc4 Be8 33. Bf1 Nc3 34. Rd2
Qxe5 35. fxe5 Rxd5 36. Rxd5 Nxd5 37. Nd6 Ra8 38. Rxc5 Nxe3 39. Rc8 Rxc8 40.
Nxc8 Nxf1 41. Kxf1 Bf7 42. Ne7 Bxb3 43. Nxf5 Be6 44. Ne3 b3 45. Nd1 Bg4 46. Nb2
e3 47. h3 Bf3 48. Ke1 Kg8 49. Nd3 Kf7 50. Kf1 Ke7 51. Ke1 Kd8 52. Kf1 Kc7 53.
Ke1 Kc6 54. Kf1 Kd5 55. e6 Kd6 56. Ke1 h6 57. h4 Bg4  0-1

[Event "Open Letní Praha 2018 - A"]
[Site "Praha"]
[Date "2018.08.05"]
[Round "4"]
[Board "13"]
[White "Koubova, Anna Marie"]
[Black "Olsarova, Karolina"]
[Result "0-1"]
[WhiteElo "2086"]
[BlackElo "2331"]
[PlyCount "74"]
[EventDate "2018.08.03"]
[EventRounds "9"]
[EventCountry "CZE"]

1. d4 Nf6 2. c4 e6 3. Nf3 Bb4+ 4. Bd2 c5 5. Bxb4 cxb4 6. a3 bxa3 7. Rxa3 b6 8.
Nc3 Bb7 9. e3 O-O 10. Bd3 Nc6 11. O-O d6 12. Qe2 Qe7 13. e4 e5 14. d5 Nb4 15.
Nh4 Bc8 16. f4 exf4 17. Rxf4 Qe5 18. Rf2 Nxd3 19. Qxd3 Ng4 20. Nf3 Nxf2 21.
Kxf2 Qe7 22. Nb5 f5 23. e5 dxe5 24. d6 Qf6 25. Nc7 Bb7 26. Nxa8 Bxa8 27. Qc3
Bxf3 28. gxf3 Qxd6 29. Rxa7 Rd8 30. b3 Qc5+ 31. Ke2 f4 32. Ra1 e4 33. Ra7 exf3+
34. Kxf3 Qh5+ 35. Kxf4 Qxh2+ 36. Kf5 Qf2+ 37. Ke6 Re8+  0-1

[Event "Open Letní Praha 2018 - A"]
[Site "Praha"]
[Date "2018.08.05"]
[Round "4"]
[Board "14"]
[White "Hess, Max"]
[Black "Slacky, Stanislav"]
[Result "1-0"]
[WhiteElo "2331"]
[BlackElo "2138"]
[PlyCount "37"]
[EventDate "2018.08.03"]
[EventRounds "9"]
[EventCountry "CZE"]

1. d4 Nc6 2. Nf3 d6 3. e4 e5 4. dxe5 Nxe5 5. Nxe5 dxe5 6. Qxd8+ Kxd8 7. Bc4 f6
8. Be3 Bd6 9. Nc3 c6 10. O-O-O Kc7 11. Rd3 Ne7 12. Rhd1 Rd8 13. Bc5 Bxc5 14.
Rxd8 Bd4 15. Re8 Kd7 16. Rh8 b5 17. Bb3 Bb7 18. Rxh7 g6 19. Ne2  1-0

[Event "Open Letní Praha 2018 - A"]
[Site "Praha"]
[Date "2018.08.05"]
[Round "4"]
[Board "15"]
[White "Rubes, Jan"]
[Black "Trapl, Dalibor"]
[Result "1-0"]
[WhiteElo "2306"]
[BlackElo "2111"]
[PlyCount "87"]
[EventDate "2018.08.03"]
[EventRounds "9"]
[EventCountry "CZE"]

1. e4 c5 2. Nf3 d6 3. d4 cxd4 4. Nxd4 Nf6 5. Nc3 g6 6. Be2 Bg7 7. O-O O-O 8.
Re1 Nc6 9. Nb3 a5 10. a4 Be6 11. Bf1 Rc8 12. Nd5 Bxd5 13. exd5 Nb4 14. c4 Re8
15. Rb1 e6 16. dxe6 fxe6 17. Nd4 Qd7 18. Nb5 d5 19. b3 Rcd8 20. Be3 Qc6 21. Qe2
Ne4 22. Red1 Nc3 23. Nxc3 Bxc3 24. Qg4 Bf6 25. cxd5 exd5 26. Bb5 Qe6 27. Qg3
Rf8 28. Bc5 Rf7 29. Re1 Qf5 30. Bb6 Rdf8 31. Bxa5 Bd4 32. Rf1 Bxf2+ 33. Qxf2
Qxf2+ 34. Rxf2 Rxf2 35. Bxb4 R8f4 36. Bd6 Rf6 37. Be5 Rf8 38. Rd1 Rc2 39. Bg3
Rb2 40. Bd7 Rxb3 41. Be6+ Kg7 42. Bxd5 Rb6 43. Bc7 Ra6 44. a5  1-0

[Event "Open Letní Praha 2018 - A"]
[Site "Praha"]
[Date "2018.08.05"]
[Round "4"]
[Board "16"]
[White "Marczuk, Dominik"]
[Black "Kornitzky, Tino"]
[Result "1-0"]
[WhiteElo "2290"]
[BlackElo "2036"]
[PlyCount "91"]
[EventDate "2018.08.03"]
[EventRounds "9"]
[EventCountry "CZE"]

1. e4 e5 2. Nf3 Nc6 3. Bc4 Bc5 4. O-O d6 5. c3 Nf6 6. d3 h6 7. b4 Bb6 8. a4 a5
9. b5 Ne7 10. Nbd2 O-O 11. Bb3 Ng6 12. Nc4 Ba7 13. Kh1 c6 14. Ba3 Bb8 15. bxc6
bxc6 16. Re1 Re8 17. Qc2 d5 18. Ncd2 Bd6 19. Bxd6 Qxd6 20. d4 Bd7 21. Rad1 exd4
22. cxd4 Nxe4 23. Nxe4 Rxe4 24. Rxe4 dxe4 25. Ne5 Be6 26. Bxe6 Qxe6 27. Qxc6
Qxc6 28. Nxc6 Kf8 29. d5 Ne7 30. Ne5 Rd8 31. d6 Nc8 32. Nc4 Ke8 33. g4 Kd7 34.
Nxa5 Nb6 35. Nb7 Ra8 36. a5 Nc4 37. a6 Ne5 38. Rc1 Ke6 39. Rc7 Nd7 40. Kg2 g6
41. a7 g5 42. Kf1 f6 43. Ke2 Re8 44. Ke3 Ra8 45. Kxe4 Rxa7 46. Nd8+  1-0

[Event "Open Letní Praha 2018 - A"]
[Site "Praha"]
[Date "2018.08.05"]
[Round "4"]
[Board "18"]
[White "Yakimenko, Alexander A."]
[Black "Svanda, Ondrej"]
[Result "1-0"]
[WhiteElo "2069"]
[BlackElo "2241"]
[PlyCount "111"]
[EventDate "2018.08.03"]
[EventRounds "9"]
[EventCountry "CZE"]

1. e4 c5 2. Nf3 g6 3. Bc4 Bg7 4. O-O Nc6 5. Re1 e6 6. Nc3 d6 7. d3 Nge7 8. Bg5
O-O 9. Qd2 a6 10. a4 Re8 11. h3 b6 12. Nh2 f6 13. Bh6 Ne5 14. Bxg7 Kxg7 15. f4
Nf7 16. d4 cxd4 17. Qxd4 Qc7 18. Bb3 Qc5 19. Nf3 Nc6 20. Qf2 Bb7 21. Rad1 Rad8
22. Nd4 Nxd4 23. Qxd4 Bc6 24. Bc4 Bb7 25. Kf2 Rc8 26. Qxc5 Rxc5 27. Bb3 Re7 28.
g3 Bc6 29. Rd4 Bb7 30. Rb4 Rc6 31. Rc4 Rc5 32. Rb4 Rc6 33. Rc4 Rc5 34. Rd1 Bc8
35. Rxc5 dxc5 36. Bc4 Bb7 37. Ke3 Kf8 38. g4 f5 39. gxf5 exf5 40. e5 g5 41. Nd5
gxf4+ 42. Kxf4 Rxe5 43. Nxb6 Re7 44. Nd7+ Ke8 45. Nf6+ Kf8 46. Rd7 h6 47. Nh7+
Ke8 48. Nf6+ Kf8 49. Rxe7 Kxe7 50. Ng8+ Kf8 51. Bxf7 Kxf7 52. Nxh6+ Kf6 53.
Nxf5 Bc8 54. Nd6 Bxh3 55. Ne4+ Ke6 56. Ng5+  1-0

[Event "Open Letní Praha 2018 - A"]
[Site "Praha"]
[Date "2018.08.05"]
[Round "4"]
[Board "19"]
[White "Kong, Ren En"]
[Black "Toman, Ondrej"]
[Result "0-1"]
[WhiteElo "2048"]
[BlackElo "2231"]
[PlyCount "94"]
[EventDate "2018.08.03"]
[EventRounds "9"]
[EventCountry "CZE"]

1. d4 Nf6 2. c4 c6 3. Nc3 d5 4. Nf3 e6 5. Bg5 h6 6. Bh4 Nbd7 7. e3 Qa5 8. Bd3
Bb4 9. Qc2 Ne4 10. Rc1 f5 11. O-O O-O 12. Nd2 Ndf6 13. Nb3 Qd8 14. f3 Nxc3 15.
bxc3 Be7 16. cxd5 cxd5 17. e4 f4 18. Rfe1 Bd7 19. exd5 Nxd5 20. Bxe7 Qxe7 21.
Nc5 Ne3 22. Qb3 b6 23. Nxd7 Qxd7 24. Bc4 Rf6 25. Rxe3 fxe3 26. Re1 Qd6 27. Rxe3
Kh8 28. Re5 Raf8 29. Qc2 Rc8 30. Qe2 Qa3 31. Rxe6 Qc1+ 32. Kf2 Qxc3 33. Re8+
Rf8 34. Rxf8+ Rxf8 35. Qd3 Qxd3 36. Bxd3 g5 37. Ke3 Kg7 38. d5 Kf6 39. Kd4 Rc8
40. Bc4 Ke7 41. g3 Kd6 42. f4 gxf4 43. gxf4 Re8 44. h4 Re1 45. h5 Rh1 46. Be2
Rh2 47. Bf3 Rxa2  0-1

[Event "Open Letní Praha 2018 - A"]
[Site "Praha"]
[Date "2018.08.05"]
[Round "4"]
[Board "20"]
[White "Turner, Radek"]
[Black "Kizatbay, Abyl"]
[Result "1/2-1/2"]
[WhiteElo "2025"]
[BlackElo "2205"]
[PlyCount "82"]
[EventDate "2018.08.03"]
[EventRounds "9"]
[EventCountry "CZE"]

1. c4 e5 2. g3 Nf6 3. Bg2 c6 4. d4 e4 5. Nc3 d5 6. cxd5 cxd5 7. Bg5 Nbd7 8. Qb3
Bd6 9. Nh3 h6 10. Bf4 Bxf4 11. Nxf4 Nb6 12. h4 O-O 13. e3 Bg4 14. Rc1 Rc8 15.
a4 a5 16. Qb5 Ra8 17. Qb3 g5 18. hxg5 hxg5 19. Nh3 Nh7 20. Ng1 Nf6 21. Nh3 Nh7
22. Ng1 Kg7 23. Nxd5 Nxd5 24. Rxh7+ Kxh7 25. Bxe4+ Kg7 26. Qxd5 Rc8 27. Rxc8
Qxd5 28. Bxd5 Rxc8 29. Kd2 Bd7 30. b3 b5 31. axb5 Bxb5 32. Nf3 f6 33. Be6 Rb8
34. d5 Be8 35. Nd4 Bf7 36. Bxf7 Kxf7 37. e4 a4 38. bxa4 Rb4 39. Ke3 Rxa4 40.
Nf5 Ra3+ 41. Ke2 Ra2+  1/2-1/2

[Event "Open Letní Praha 2018 - A"]
[Site "Praha"]
[Date "2018.08.05"]
[Round "4"]
[Board "21"]
[White "Ajay Krishna, S"]
[Black "Gokhale, Rishabh Chandrashekhar"]
[Result "1/2-1/2"]
[WhiteElo "2200"]
[BlackElo "1867"]
[PlyCount "120"]
[EventDate "2018.08.03"]
[EventRounds "9"]
[EventCountry "CZE"]

1. Nf3 Nf6 2. g3 d5 3. Bg2 Bf5 4. O-O e6 5. c4 c6 6. b3 Be7 7. Bb2 h6 8. d3 O-O
9. Nbd2 Bh7 10. a3 a5 11. Qb1 Nbd7 12. b4 b5 13. cxb5 cxb5 14. Rc1 axb4 15.
axb4 Rxa1 16. Bxa1 Qa8 17. Bc3 Rc8 18. Qb2 Nb6 19. Nb1 Na4 20. Qb3 Ne8 21. Bd2
Rxc1+ 22. Bxc1 Qc6 23. Bd2 Bf6 24. h3 Nc7 25. Na3 e5 26. Nh2 e4 27. Ng4 Bb2 28.
dxe4 dxe4 29. Ne3 Bc1 30. Bxc1 Qxc1+ 31. Qd1 Qxd1+ 32. Nxd1 Nd5 33. Nxb5 Nxb4
34. g4 Nd5 35. e3 Kf8 36. Nd6 Ndc3 37. Nxc3 Nxc3 38. Bf1 Ke7 39. Nc4 g6 40. Kh2
f6 41. Kg3 g5 42. Nd2 Bg8 43. Bc4 Bxc4 44. Nxc4 Ke6 45. f3 exf3 46. Kxf3 f5 47.
Nd2 fxg4+ 48. hxg4 Nd5 49. Ne4 Kf7 50. Nd6+ Kg6 51. e4 Ne7 52. Nf5 Nc6 53. Kg3
h5 54. gxh5+ Kxh5 55. Ne3 Ne5 56. Nd5 Kg6 57. Ne3 Kf6 58. Ng4+ Nxg4 59. Kxg4
Ke5 60. Kxg5 Kxe4  1/2-1/2

[Event "Open Letní Praha 2018 - A"]
[Site "Praha"]
[Date "2018.08.05"]
[Round "4"]
[Board "22"]
[White "Babicka, Michal"]
[Black "Zlatin, Alexander"]
[Result "0-1"]
[WhiteElo "2009"]
[BlackElo "2193"]
[PlyCount "80"]
[EventDate "2018.08.03"]
[EventRounds "9"]
[EventCountry "CZE"]

1. e4 e5 2. Nf3 Nc6 3. Bb5 a6 4. Ba4 Nf6 5. O-O b5 6. Bb3 Bc5 7. a4 Rb8 8. axb5
axb5 9. Nxe5 Nxe5 10. d4 Bxd4 11. Qxd4 d6 12. f4 Nc6 13. Qc3 Ne7 14. e5 Ne4 15.
Qe1 d5 16. Nd2 Nc5 17. Qf2 d4 18. c3 Nf5 19. cxd4 Nxd4 20. Bd1 Nd3 21. Qe3 Nf5
22. Qe2 Qd4+ 23. Kh1 Nxf4 24. Qe4 Qxe4 25. Nxe4 Nd3 26. Bc2 Nxc1 27. Rfxc1 O-O
28. Bb1 Re8 29. Rxc7 Rxe5 30. Kg1 g6 31. Raa7 Be6 32. Bc2 Rd8 33. h3 Ne3 34.
Nc5 Bd5 35. Bb3 Bxb3 36. Nxb3 Rd1+ 37. Kh2 Nf1+ 38. Kg1 Ng3+ 39. Kf2 Nh1+ 40.
Kf3 Rf1+  0-1

[Event "Open Letní Praha 2018 - A"]
[Site "Praha"]
[Date "2018.08.05"]
[Round "4"]
[Board "23"]
[White "Engesser, Jonas"]
[Black "Husek, Martin"]
[Result "1-0"]
[WhiteElo "2007"]
[BlackElo "2174"]
[PlyCount "65"]
[EventDate "2018.08.03"]
[EventRounds "9"]
[EventCountry "CZE"]

1. e4 c5 2. Nf3 g6 3. d4 cxd4 4. Nxd4 Bg7 5. Nc3 Nc6 6. Be3 Nf6 7. Bc4 O-O 8.
Bb3 Re8 9. O-O d6 10. h3 Na5 11. Qd2 b6 12. f4 Bb7 13. e5 Nxb3 14. axb3 Ne4 15.
Nxe4 Bxe4 16. e6 f5 17. Ra4 Qc8 18. Rc4 Qb7 19. Rf2 Rec8 20. Rxc8+ Rxc8 21. c4
d5 22. Qb4 Bf6 23. c5 Rxc5 24. Nxf5 Rc8 25. Ng3 d4 26. Bxd4 a5 27. Qd2 Rc2 28.
Qe3 Rxf2 29. Qxf2 Bh4 30. Qe3 Bxg3 31. Qxg3 Qc6 32. f5 Qc8 33. Qe5  1-0

[Event "Open Letní Praha 2018 - A"]
[Site "Praha"]
[Date "2018.08.05"]
[Round "4"]
[Board "24"]
[White "Soural, Jan"]
[Black "Nguyen, Thai Dai Vinh"]
[Result "1/2-1/2"]
[WhiteElo "2213"]
[BlackElo "1848"]
[PlyCount "52"]
[EventDate "2018.08.03"]
[EventRounds "9"]
[EventCountry "CZE"]

1. d4 Nf6 2. c4 e6 3. Nc3 d5 4. cxd5 exd5 5. Bg5 Be7 6. e3 Bf5 7. Bd3 Bxd3 8.
Qxd3 c6 9. Nf3 O-O 10. O-O Nbd7 11. Rab1 a5 12. Rfc1 Ne4 13. Bxe7 Qxe7 14. Ne1
Nd6 15. Qe2 h6 16. Nd3 Rfe8 17. Na4 Qf6 18. Qg4 Qe6 19. Qxe6 Rxe6 20. Nac5 Nxc5
21. Nxc5 Re7 22. h4 h5 23. g3 g6 24. Kg2 Kg7 25. b3 Kf6 26. Rb2 Kg7  1/2-1/2

[Event "Open Letní Praha 2018 - A"]
[Site "Praha"]
[Date "2018.08.05"]
[Round "4"]
[Board "25"]
[White "Novacek, Josef"]
[Black "Pipia, Ekaterine"]
[Result "1/2-1/2"]
[WhiteElo "2159"]
[BlackElo "1979"]
[PlyCount "72"]
[EventDate "2018.08.03"]
[EventRounds "9"]
[EventCountry "CZE"]

1. Nf3 d5 2. g3 Nf6 3. Bg2 c6 4. O-O h6 5. b3 Bf5 6. Ba3 Nbd7 7. c4 e6 8. Bxf8
Nxf8 9. d3 N8d7 10. Nbd2 O-O 11. Qc1 Qe7 12. Qb2 e5 13. cxd5 cxd5 14. e4 dxe4
15. Nh4 Bh7 16. dxe4 Nc5 17. Qa3 Rfd8 18. Rad1 Qf8 19. Nf5 Rd3 20. Nc4 Rxd1 21.
Rxd1 Ncxe4 22. Qxf8+ Kxf8 23. Nh4 Nc3 24. Rd2 e4 25. Ne3 Rc8 26. h3 Rc5 27. g4
Ncd5 28. Nhf5 Nxe3 29. Nxe3 Ke7 30. Bf1 h5 31. Be2 hxg4 32. hxg4 Bg6 33. Rd4
Ra5 34. a4 Rc5 35. Kg2 Ke6 36. Kg3 Ke7  1/2-1/2

[Event "Open Letní Praha 2018 - A"]
[Site "Praha"]
[Date "2018.08.05"]
[Round "4"]
[Board "26"]
[White "Sorensen, Simen"]
[Black "Krivanek, Vladimir"]
[Result "1/2-1/2"]
[WhiteElo "1906"]
[BlackElo "2147"]
[PlyCount "98"]
[EventDate "2018.08.03"]
[EventRounds "9"]
[EventCountry "CZE"]

1. d4 c5 2. d5 f5 3. c4 Nf6 4. Nc3 g6 5. g3 Bg7 6. Bg2 O-O 7. Qc2 e5 8. dxe6
dxe6 9. Nf3 Nc6 10. Bg5 h6 11. Bxf6 Qxf6 12. O-O Bd7 13. e3 Rad8 14. Rad1 e5
15. Nd5 Qf7 16. b3 e4 17. Ne1 Ne7 18. Nxe7+ Qxe7 19. Qe2 Bc6 20. Nc2 g5 21.
Rxd8 Rxd8 22. Rd1 g4 23. Ne1 Rd6 24. Bf1 Qd8 25. Rxd6 Qxd6 26. Ng2 Be5 27. Qc2
a6 28. a4 Kf7 29. Be2 Ke7 30. Qd1 Qxd1+ 31. Bxd1 Kd6 32. Kf1 Kc7 33. Be2 Kb6
34. Ke1 Ka5 35. Kd1 Kb4 36. Kc2 Bc3 37. Bf1 Be8 38. Be2 Bd7 39. Bf1 b5 40. axb5
axb5 41. Nh4 Be6 42. cxb5 Bxb3+ 43. Kb1 Be6 44. b6 Be5 45. b7 c4 46. Ng6 Bd6
47. Ne7 Kc5 48. Kc2 Be5 49. Ng6 Bc7  1/2-1/2

[Event "Open Letní Praha 2018 - A"]
[Site "Praha"]
[Date "2018.08.05"]
[Round "4"]
[Board "27"]
[White "Sommerhalder, Eric"]
[Black "Shehzad, Shazil"]
[Result "1/2-1/2"]
[WhiteElo "2145"]
[BlackElo "1972"]
[PlyCount "131"]
[EventDate "2018.08.03"]
[EventRounds "9"]
[EventCountry "CZE"]

1. e4 c5 2. Nf3 e6 3. d4 cxd4 4. Nxd4 a6 5. Bd3 Ne7 6. O-O Nbc6 7. Nxc6 Nxc6 8.
c4 Be7 9. Nc3 O-O 10. b3 Bf6 11. Bb2 Qc7 12. f4 d6 13. Kh1 b6 14. Qh5 g6 15.
Qh6 Qd8 16. Rad1 Bg7 17. Qh3 Qe7 18. Bb1 d5 19. e5 dxc4 20. Ne4 h6 21. bxc4 Rd8
22. Qe3 Qc7 23. Bc3 Bb7 24. Bc2 Ne7 25. Nd6 Nf5 26. Bxf5 exf5 27. Rb1 b5 28.
Bd4 Qc6 29. Rf2 Bf8 30. cxb5 axb5 31. Nxb5 Qd5 32. Qe2 Ba6 33. Bb6 Bxb5 34.
Rxb5 Qd1+ 35. Qf1 Qxf1+ 36. Rxf1 Rd2 37. Ra5 Rxa5 38. Bxa5 Rxa2 39. Bd8 Rd2 40.
Bh4 Rd7 41. h3 Be7 42. Bg3 Rd3 43. Kh2 Kg7 44. Ra1 Rd7 45. Be1 Bc5 46. Bh4 Be7
47. Bf2 Rd2 48. Bb6 Rb2 49. Bd4 Rb4 50. Rd1 Kg8 51. Rd3 Rc4 52. Kg3 g5 53. Kf3
Bc5 54. Bxc5 Rxc5 55. g3 Rc4 56. Ra3 Re4 57. Ra6 Kg7 58. Rf6 gxf4 59. gxf4 Ra4
60. Rxf5 Ra6 61. Kg4 Kg6 62. Rh5 Ra4 63. Rf5 Ra6 64. Rh5 Ra4 65. Rh4 Rb4 66.
Rh5  1/2-1/2

[Event "Open Letní Praha 2018 - A"]
[Site "Praha"]
[Date "2018.08.05"]
[Round "4"]
[Board "28"]
[White "Sim, Jia Ru"]
[Black "Dave, Dhyani"]
[Result "0-1"]
[WhiteElo "1930"]
[BlackElo "2114"]
[PlyCount "118"]
[EventDate "2018.08.03"]
[EventRounds "9"]
[EventCountry "CZE"]

1. e4 c5 2. Nf3 d6 3. c3 Nf6 4. Be2 Bg4 5. O-O e6 6. h3 Bh5 7. d3 Nc6 8. Nh2
Bxe2 9. Qxe2 Be7 10. f4 O-O 11. Be3 c4 12. Nd2 cxd3 13. Qxd3 Qc7 14. Ng4 Rad8
15. Nxf6+ Bxf6 16. g4 d5 17. e5 Be7 18. Nf3 f6 19. exf6 Bxf6 20. Bc5 Rfe8 21.
Qe3 e5 22. f5 b6 23. Ba3 e4 24. Nd4 Nxd4 25. cxd4 h6 26. Rad1 Bg5 27. Qe1 e3
28. Rc1 Qb8 29. Rc2 Re4 30. Qd1 Rde8 31. Re2 Bf6 32. Qb3 Qd8 33. Rf3 Bxd4 34.
Qd3 Qc7 35. b3 Qe5 36. Kg2 Bc5 37. b4 Bd6 38. Kg1 Rc8 39. Bb2 d4 40. a3 a5 41.
bxa5 bxa5 42. f6 Bc5 43. f7+ Kf8 44. a4 Qe7 45. Rf5 Re5 46. Rf3 Re4 47. Qa6 Qe6
48. Qd3 Rc7 49. Rf5 Bb4 50. Bxd4 Rd7 51. Qb5 Rexd4 52. Re5 Rd1+ 53. Kg2 Qd6 54.
R2xe3 Rd2+ 55. Kh1 Rd1+ 56. Kg2 Rd2+ 57. Re2 Rd5 58. Rf5 Rxf5 59. Qxf5 Qd5+  0-1

[Event "Open Letní Praha 2018 - A"]
[Site "Praha"]
[Date "2018.08.05"]
[Round "4"]
[Board "29"]
[White "Molkanov, Oleg"]
[Black "Fuglestein, Sander"]
[Result "1/2-1/2"]
[WhiteElo "2112"]
[BlackElo "1885"]
[PlyCount "117"]
[EventDate "2018.08.03"]
[EventRounds "9"]
[EventCountry "CZE"]

1. d4 d5 2. c4 e6 3. Nf3 Nf6 4. g3 Be7 5. Bg2 O-O 6. O-O c6 7. Qc2 Nbd7 8. Nbd2
b6 9. e4 Nxe4 10. Nxe4 dxe4 11. Qxe4 Bb7 12. Rd1 Nf6 13. Qe2 Qc7 14. Bf4 Bd6
15. Ne5 Nd7 16. c5 Bxe5 17. Bxe5 Nxe5 18. dxe5 Rfd8 19. Rd6 bxc5 20. Rad1 Rxd6
21. exd6 Qb6 22. Qe5 Rd8 23. Rc1 Bc8 24. Rxc5 Bd7 25. Rc2 Be8 26. h4 Qb5 27.
Qd4 Qb8 28. Rd2 Qb6 29. Qe5 Qb5 30. Qe3 Qb6 31. Qf4 Qc5 32. b4 Qb5 33. Qd4 Qb6
34. Qc5 Bd7 35. Rd4 Rb8 36. Rg4 Qxc5 37. bxc5 a5 38. Bf1 Rb4 39. Rxb4 axb4 40.
Bg2 f5 41. Bf1 Kf7 42. Bc4 Kf6 43. f4 h6 44. Kf2 e5 45. Ke3 exf4+ 46. gxf4 g5
47. fxg5+ hxg5 48. hxg5+ Kxg5 49. Kd2 f4 50. Kc2 f3 51. Kb3 Kf6 52. Kxb4 Be6
53. Bf1 Bxa2 54. Ka5 Bf7 55. Kb6 Be8 56. Kc7 Ke5 57. Kd8 Bg6 58. Kc7 Be8 59.
Kd8  1/2-1/2

[Event "Open Letní Praha 2018 - A"]
[Site "Praha"]
[Date "2018.08.05"]
[Round "4"]
[Board "30"]
[White "Seregina, Maria"]
[Black "Pick, Stepan"]
[Result "1-0"]
[WhiteElo "1882"]
[BlackElo "2084"]
[PlyCount "113"]
[EventDate "2018.08.03"]
[EventRounds "9"]
[EventCountry "CZE"]

1. f4 d5 2. Nf3 g6 3. g3 Bg7 4. Bg2 c5 5. O-O Nf6 6. d3 O-O 7. Qe1 d4 8. c3 Nc6
9. e4 dxc3 10. Nxc3 Nb4 11. e5 Nfd5 12. Nxd5 Nxd5 13. d4 cxd4 14. Nxd4 Qb6 15.
Qf2 Rd8 16. Bxd5 Rxd5 17. Be3 Qd8 18. Rfc1 b6 19. Rc2 Bb7 20. Rac1 Rc8 21. Rxc8
Bxc8 22. Qe2 Bb7 23. Nc6 Bxc6 24. Rxc6 h5 25. Kg2 Kh7 26. Qc2 Rd3 27. Kf2 Rd1
28. f5 Bxe5 29. fxg6+ Kg7 30. gxf7 Qd3 31. Qxd3 Rxd3 32. b3 Kxf7 33. Rh6 Rd5
34. Kf3 Bf6 35. h3 Rf5+ 36. Kg2 Re5 37. Bf4 Re2+ 38. Kf3 Rxa2 39. Rxh5 a6 40.
Rd5 Rc2 41. Rd3 Rc3 42. Rxc3 Bxc3 43. Bc1 b5 44. Ke4 a5 45. Kd3 Be1 46. g4 Kg6
47. Kd4 Bf2+ 48. Kd5 a4 49. b4 Bh4 50. Kc5 Bg5 51. Ba3 e5 52. Kxb5 e4 53. Kc4
e3 54. Kd3 Bf4 55. b5 Kg5 56. Be7+ Kg6 57. b6  1-0

[Event "Open Letní Praha 2018 - A"]
[Site "Praha"]
[Date "2018.08.06"]
[Round "5"]
[Board "1"]
[White "Turner, Matthew"]
[Black "Hrdina, Robin"]
[Result "1-0"]
[WhiteElo "2533"]
[BlackElo "2219"]
[PlyCount "54"]
[EventDate "2018.08.03"]
[EventRounds "9"]
[EventCountry "CZE"]

1. d4 Nf6 2. Nf3 e6 3. g3 c5 4. Bg2 cxd4 5. O-O d5 6. Nxd4 e5 7. Nb3 Be6 8. Bg5
Nbd7 9. e4 dxe4 10. Nc3 Be7 11. Nxe4 Nxe4 12. Bxe7 Qxe7 13. Bxe4 Nf6 14. Bg2
O-O 15. Re1 Bg4 16. Qd3 Rfe8 17. h3 Bh5 18. Qb5 Rab8 19. f4 e4 20. g4 Bxg4 21.
hxg4 Qc7 22. Qf5 Qxc2 23. g5 g6 24. Qxf6 e3 25. Rf1 e2 26. Rfe1 Rbd8 27. Nd4
Qc5  1-0

[Event "Open Letní Praha 2018 - A"]
[Site "Praha"]
[Date "2018.08.06"]
[Round "5"]
[Board "2"]
[White "Ciolek, Andreas"]
[Black "Plischki, Sebastian"]
[Result "0-1"]
[WhiteElo "2216"]
[BlackElo "2407"]
[PlyCount "90"]
[EventDate "2018.08.03"]
[EventRounds "9"]
[EventCountry "CZE"]

1. e4 c5 2. Nf3 e6 3. d4 cxd4 4. Nxd4 Nc6 5. Nc3 Qc7 6. Be3 a6 7. Bd3 Nf6 8.
O-O Nxd4 9. Bxd4 Bc5 10. Bxc5 Qxc5 11. Kh1 d6 12. f4 Bd7 13. Qe2 Bc6 14. e5
dxe5 15. fxe5 Nd7 16. Rae1 O-O 17. Rf4 h6 18. Qh5 f5 19. Qg6 Rae8 20. Rc4 Qe7
21. Rd4 Rf7 22. Bc4 Nf8 23. Qg3 Qc5 24. Rh4 Kh7 25. b4 Qe7 26. Be2 g5 27. Rd4
g4 28. Bd3 h5 29. Ne2 Ng6 30. Nf4 Nxf4 31. Qxf4 Kg6 32. Rd6 Qg5 33. Rf1 Qxf4
34. Rxf4 Kg5 35. Rdd4 Rd7 36. Kg1 Red8 37. c3 Be4 38. Bxe4 Rxd4 39. cxd4 Kxf4
40. Bxb7 Rxd4 41. a3 Rd3 42. a4 Rb3 43. b5 a5 44. Bd5 exd5 45. e6 Re3  0-1

[Event "Open Letní Praha 2018 - A"]
[Site "Praha"]
[Date "2018.08.06"]
[Round "5"]
[Board "3"]
[White "Mirzoeva, Elmira"]
[Black "Pulpan, Jakub"]
[Result "0-1"]
[WhiteElo "2290"]
[BlackElo "2400"]
[PlyCount "126"]
[EventDate "2018.08.03"]
[EventRounds "9"]
[EventCountry "CZE"]

1. Nf3 Nf6 2. c4 e6 3. b3 b6 4. g3 Bb7 5. Bg2 Be7 6. Bb2 O-O 7. O-O d5 8. e3
dxc4 9. bxc4 c5 10. Nc3 Nc6 11. Qe2 Qd7 12. Rfd1 Rfd8 13. d3 Rac8 14. Rab1 Qe8
15. h3 Ba8 16. Ne1 Na5 17. Bxa8 Rxa8 18. f4 Nc6 19. Nf3 Nd7 20. g4 Nf8 21. Rd2
Rd7 22. g5 f5 23. Qg2 Rad8 24. Rbd1 a6 25. Ba1 Rb7 26. Rb1 Rdb8 27. a4 Nb4 28.
h4 Rd8 29. Rbd1 Rc7 30. Qh3 Qh5 31. Ne2 Ng6 32. Bc3 Rcd7 33. Bxb4 cxb4 34. Kf2
Nf8 35. Ned4 Bd6 36. Rb1 Bxf4 37. exf4 Rxd4 38. Nxd4 Rxd4 39. Qf3 Qxh4+ 40. Ke3
e5 41. fxe5 Rd8 42. Qf4 Qh3+ 43. Qf3 f4+ 44. Ke2 Qf5 45. Rxb4 Ne6 46. Kd1 Qxe5
47. Qe4 Qa1+ 48. Ke2 Nxg5 49. Qe7 f3+ 50. Kf2 Qd4+ 51. Kf1 h6 52. a5 bxa5 53.
Rbb2 Kh8 54. Qe1 Qg4 55. Qe3 Qh5 56. c5 Qh1+ 57. Qg1 Qh3+ 58. Kf2 Qh4+ 59. Kf1
Re8 60. Rb1 f2 61. Rxf2 Qh3+ 62. Qg2 Qxd3+ 63. Re2 Qxb1+  0-1

[Event "Open Letní Praha 2018 - A"]
[Site "Praha"]
[Date "2018.08.06"]
[Round "5"]
[Board "4"]
[White "Gan-Erdene, Sugar"]
[Black "Phadke, Sohan"]
[Result "1-0"]
[WhiteElo "2309"]
[BlackElo "2245"]
[PlyCount "57"]
[EventDate "2018.08.03"]
[EventRounds "9"]
[EventCountry "CZE"]

1. e4 c5 2. Nf3 Nc6 3. d4 cxd4 4. Nxd4 e5 5. Nb5 d6 6. N1c3 a6 7. Na3 b5 8. Nd5
Nge7 9. c3 Nxd5 10. exd5 Ne7 11. Nc2 Bd7 12. Be2 Ng6 13. O-O Be7 14. Nb4 Bg5
15. Nc6 Bxc6 16. Bxg5 Qxg5 17. dxc6 O-O 18. Qxd6 Rfd8 19. Qc5 Rd2 20. Bf3 Nh4
21. Be4 f5 22. Bd5+ Kh8 23. c7 Rc8 24. Rad1 Rxd1 25. Rxd1 Qg4 26. Rd2 Qg5 27.
Qd6 h6 28. Qd7 Qxd2 29. Qd8+  1-0

[Event "Open Letní Praha 2018 - A"]
[Site "Praha"]
[Date "2018.08.06"]
[Round "5"]
[Board "5"]
[White "Rubes, Jan"]
[Black "Gasanov, Eldar"]
[Result "1/2-1/2"]
[WhiteElo "2306"]
[BlackElo "2481"]
[PlyCount "47"]
[EventDate "2018.08.03"]
[EventRounds "9"]
[EventCountry "CZE"]

1. d4 g6 2. g3 Bg7 3. Bg2 d6 4. e4 Nc6 5. Ne2 e5 6. dxe5 Nxe5 7. O-O Nf6 8.
Nbc3 O-O 9. h3 Re8 10. Rb1 Rb8 11. f4 Ned7 12. g4 b5 13. g5 Nh5 14. a3 a5 15.
b4 axb4 16. axb4 Nf8 17. Be3 f6 18. gxf6 Nxf6 19. e5 Nh5 20. Ba7 Rb7 21. Be3
Rb8 22. Ba7 Rb7 23. Be3 Rb8 24. Ba7  1/2-1/2

[Event "Open Letní Praha 2018 - A"]
[Site "Praha"]
[Date "2018.08.06"]
[Round "5"]
[Board "6"]
[White "Olson, Hamish"]
[Black "Neuman, Petr"]
[Result "1/2-1/2"]
[WhiteElo "2241"]
[BlackElo "2446"]
[PlyCount "78"]
[EventDate "2018.08.03"]
[EventRounds "9"]
[EventCountry "CZE"]

1. d4 d6 2. e4 Nf6 3. Nd2 Nc6 4. Ngf3 e5 5. dxe5 Nxe5 6. Nxe5 dxe5 7. Be2 Bc5
8. O-O O-O 9. c3 a5 10. a4 b6 11. Re1 Bb7 12. Qc2 Qe7 13. Bf3 h6 14. Nf1 Nh7
15. Ng3 Qf6 16. Be3 Bxe3 17. Rxe3 Rad8 18. Nf1 Ng5 19. Rae1 Rd6 20. Be2 Rfd8
21. Bc4 Bc8 22. Rd3 Be6 23. Rxd6 Rxd6 24. Be2 Qd8 25. f3 f6 26. Rd1 Rxd1 27.
Qxd1 Qxd1 28. Bxd1 Kf8 29. Kf2 Ke7 30. Ke3 Bf7 31. Nd2 Ne6 32. g3 Nc5 33. Bc2
Be8 34. b3 Bf7 35. h4 Kd6 36. Bd1 c6 37. Bc2 b5 38. Bd1 Nd7 39. b4 axb4  1/2-1/2